Ukrajina - dva roky po

Pohľad na Ukrajinu dva roky po udalostiach na Majdane. Stupňovanie nenávisti k Rusku. Prehlbujúca sa politická a sociálno-ekonomická kríza. Potreba racionálneho a pragmatického postupu pri zohľadňovaní záujmov všetkých zainteresovaných strán.

Na minha lista:
Detalhes bibliográficos
Autor principal: Škvrnda, František
Formato: Capítulo de Livro
Idioma:eslovaco
Assuntos:
Tags: Adicionar Tag
Sem tags, seja o primeiro a adicionar uma tag!

MARC

LEADER 00000naa a2200000 4500
001 0211397
005 20240502073526.7
041 0 |a slo 
044 |a SK 
245 1 0 |a Ukrajina - dva roky po  |c František Škvrnda 
520 |a Pohľad na Ukrajinu dva roky po udalostiach na Majdane. Stupňovanie nenávisti k Rusku. Prehlbujúca sa politická a sociálno-ekonomická kríza. Potreba racionálneho a pragmatického postupu pri zohľadňovaní záujmov všetkých zainteresovaných strán. 
610 2 0 |a politika medzinárodná 
610 2 0 |a politika vnútorná 
610 2 0 |a vzťahy medzinárodné 
610 2 0 |a konflikty 
610 2 0 |a Ukrajina 
610 2 0 |a Rusko 
100 1 |a Škvrnda, František